An introduction to political communication / (Record no. 22877)
[ view plain ]
| 000 -LEADER | |
|---|---|
| fixed length control field | 01523cam a22003375a 4500 |
| 001 - CONTROL NUMBER | |
| control field | 14648447 |
| 005 - DATE AND TIME OF LATEST TRANSACTION | |
| control field | 20161027113022.0 |
| 008 - FIXED-LENGTH DATA ELEMENTS--GENERAL INFORMATION | |
| fixed length control field | 061128r20092007enka frb 001 0 eng d |
| 010 ## - LIBRARY OF CONGRESS CONTROL NUMBER | |
| LC control number | 2006039494 |
| 020 ## - INTERNATIONAL STANDARD BOOK NUMBER | |
| International Standard Book Number | 9780415410694 (pbk. : alk. paper) |
| 020 ## - INTERNATIONAL STANDARD BOOK NUMBER | |
| International Standard Book Number | 1137389761 (pbk. : alk. paper) |
| 040 ## - CATALOGING SOURCE | |
| Original cataloging agency | DLC |
| Language of cataloging | eng |
| Transcribing agency | DLC |
| Modifying agency | DLC |
| -- | EG-ScBUE |
| 082 04 - DEWEY DECIMAL CLASSIFICATION NUMBER | |
| Edition number | 22 |
| Classification number | 324.73 |
| Item number | MCN |
| 100 1# - MAIN ENTRY--PERSONAL NAME | |
| Personal name | McNair, Brian, |
| Dates associated with a name | 1959- |
| 9 (RLIN) | 28867 |
| 245 13 - TITLE STATEMENT | |
| Title | An introduction to political communication / |
| Statement of responsibility, etc | Brian McNair. |
| 250 ## - EDITION STATEMENT | |
| Edition statement | 4th ed. |
| 260 ## - PUBLICATION, DISTRIBUTION, ETC. (IMPRINT) | |
| Place of publication, distribution, etc | Oxford ; |
| -- | New York : |
| Name of publisher, distributor, etc | Routledge / Taylor & Francis Group, |
| Date of publication, distribution, etc | 2009. |
| 300 ## - PHYSICAL DESCRIPTION | |
| Extent | xvii, 222 p. : |
| Other physical details | ill. ; |
| Dimensions | 24 cm. |
| 490 #0 - Series Statement | |
| Series statement | Communication and society |
| 500 ## - GENERAL NOTE | |
| General note | Index : p. 218-222. |
| 500 ## - GENERAL NOTE | |
| General note | First published : Routledge, 2015. |
| 504 ## - BIBLIOGRAPHY, ETC. NOTE | |
| Bibliography, etc | Bibliography : p. 210-217. |
| 505 0# - FORMATTED CONTENTS NOTE | |
| Formatted contents note | Politics in the age of mediation -- Politics, democracy and the media -- The effects of political communication -- The political media -- The media as political actors -- Party political communication I : advertising -- Party political communication II : political public relations -- Pressure-group politics and the oxygen of publicity -- International political communication. |
| 590 ## - LOCAL NOTE (RLIN) | |
| Local note | Wessam |
| 650 #7 - SUBJECT ADDED ENTRY--TOPICAL TERM | |
| Topical term or geographic name as entry element | Communication in politics. |
| Source of heading or term | BUEsh |
| 9 (RLIN) | 39811 |
| 650 #7 - SUBJECT ADDED ENTRY--TOPICAL TERM | |
| Topical term or geographic name as entry element | Mass media |
| 9 (RLIN) | 28561 |
| General subdivision | Political aspects. |
| 651 ## - SUBJECT ADDED ENTRY--GEOGRAPHIC NAME | |
| Source of heading or term | BUEsh |
| 653 ## - INDEX TERM--UNCONTROLLED | |
| Resource For college | BAEPS, Political Science |
| Arrived date list | October2016 |
| 856 41 - ELECTRONIC LOCATION AND ACCESS | |
| Materials specified | Table of contents only |
| Uniform Resource Identifier | <a href="http://www.loc.gov/catdir/toc/ecip076/2006039494.html">http://www.loc.gov/catdir/toc/ecip076/2006039494.html</a> |
| 942 ## - ADDED ENTRY ELEMENTS (KOHA) | |
| Source of classification or shelving scheme | Dewey Decimal Classification |
| Edition | 22 |
| Call number prefix | 324.73 MCN |
| Withdrawn status | Item status | Source of classification or shelving scheme | Damaged status | Not for loan | Vendor | Home library | Current library | Shelving location | Date acquired | Source of acquisition | Cost, normal purchase price | Total Checkouts | Total Renewals | Full call number | Barcode | Date last seen | Date last borrowed | Cost, replacement price | Koha item type |
|---|---|---|---|---|---|---|---|---|---|---|---|---|---|---|---|---|---|---|---|
| Dewey Decimal Classification | Baccah | Central Library | Central Library | First floor | 27/10/2016 | Purchase | 182.00 | 4 | 2 | 324.73 MCN | 000034244 | 15/07/2025 | 18/11/2020 | 227.50 | Book - Borrowing |